Resultados y lecciones: modelo asociativo de producción y comercialización de huevos Free Range

-д хадгалсан:
Номзүйн дэлгэрэнгүй
Байгууллагын зохиогчид: FIA (Зохиогч), Fundación para la Innovación Agraria (Зохиогч)
Формат: Ном
Хэл сонгох:испани
Хэвлэсэн: Santiago Fundación para la Innovación Agraria 2016
Хэвлэл:1a. ed
Цуврал:Serie Experiencias de Innovación para el Emprendimiento Agrario
Нөхцлүүд:
Шошгууд: Шошго нэмэх
Шошго байхгүй, Энэхүү баримтыг шошголох эхний хүн болох!

MARC

LEADER 00000cam a2200000 a 4500
001 UCC1068
003 CL-VaPUC
008 170922e20161000cl |||||||||||||||||spa|d
020 |a 9789563281910 
082 0 4 |a 636.51  |b FIA  |2 21 
110 2 |a FIA  |e author  |9 595098 
710 2 |a Fundación para la Innovación Agraria  |e author  |9 595099 
245 1 0 |a Resultados y lecciones: modelo asociativo de producción y comercialización de huevos Free Range 
250 |a 1a. ed 
300 |a 48 p 
942 |c BK 
945 |d 20170922 16:51:00  |a arojas 
260 |a Santiago  |b Fundación para la Innovación Agraria  |c 2016 
650 0 |a Gallinas  |9 394488 
650 7 |a HUEVOS DE GALLINA  |2 CL-VaPUC  |9 595100 
650 7 |a CARACTERISTICAS DEL HUEVO  |2 CL-VaPUC  |9 407867 
650 7 |a PRODUCCION DE HUEVOS  |2 CL-VaPUC  |9 407869 
650 7 |a INNOVACION AGRARIA  |2 CL-VaPUC  |9 595101 
583 |a last modification  |c 20170922 16:51:00  |k Rodrigo Vera 
490 0 |a Serie Experiencias de Innovación para el Emprendimiento Agrario 
999 |c 369658  |d 369656 
952 |0 0  |1 0  |3 erb  |4 0  |6 636_510000000000000_FIA_2016  |7 0  |8 A  |9 485591  |a BIBAGR  |b BIBAGR  |i 5424992  |o 636.51 FIA 2016  |p 5424992  |r 2025-01-20  |w 2019-11-24  |y BK  |z Catalogado en:20170922  |k AGR